Na zabezpečení sa šetriť neoplatí

Možnosti zabezpečenia motorových vozidiel proti krádeži. Poistenie motorových vozidiel proti odcudzeniu. Rozsah poistenia. Kombinácia mechanického a elektronického zabezpečovacieho systému. Zabudované autoalarmy. Elektronická kniha jázd.

Salvato in:
Dettagli Bibliografici
Autore principale: Brezovský, Jozef
Altri autori: Weberová, Adriana
Natura: Capitolo di libro
Lingua:slovacco
Soggetti:
Tags: Aggiungi Tag
Nessun Tag, puoi essere il primo ad aggiungerne!!

MARC

LEADER 00000naa a2200000 4500
001 0117715
005 20231011072228.8
041 0 |a slo 
044 |a CZ 
245 1 0 |a Na zabezpečení sa šetriť neoplatí  |c Jozef Brezovský, Adriana Weberová 
520 |a Možnosti zabezpečenia motorových vozidiel proti krádeži. Poistenie motorových vozidiel proti odcudzeniu. Rozsah poistenia. Kombinácia mechanického a elektronického zabezpečovacieho systému. Zabudované autoalarmy. Elektronická kniha jázd. 
610 2 0 |a automobily nákladné 
610 2 0 |a automobily osobné 
610 2 0 |a doprava cestná 
610 2 0 |a tovar 
610 2 0 |a krádeže 
610 2 0 |a poistenie 
610 2 0 |a bezpečnosť 
100 1 |a Brezovský, Jozef 
700 1 |a Weberová, Adriana